| 000 | 01268nam a2200385 i 4500 | ||
|---|---|---|---|
| 001 | 9265 | ||
| 003 | KOSZ 005 | ||
| 005 | 20200414134031.0 | ||
| 008 | 071021s1968 pl a f 000 0 pol | ||
| 015 | _aPB 1968/8682 | ||
| 035 | _a(PL-WaBN)b20068918-48omnis_nlop | ||
| 035 | _ab20068918 | ||
| 035 | _a(OCoLC)750671645 | ||
| 035 | _a(PL)b0000020068918 | ||
| 040 |
_aWA N _cWA N _dKOSZ 005/RW |
||
| 046 | _k1968 | ||
| 080 | _a796.8 | ||
| 100 | 1 |
_aCzajkowski, Zbigniew _d(1921-2019). _eAutor |
|
| 245 | 1 | 0 |
_aTeoria i metodyka współczesnej szermierki / _cZbigniew Czajkowski. |
| 260 |
_aWarszawa : _b"Sport i Turystyka", _c1968. |
||
| 300 |
_a330, [1] stron : _bilustracje ; _c23 cm. |
||
| 336 |
_aTekst _btxt _2rdacontent |
||
| 337 |
_aBez urządzenia pośredniczącego _bn _2rdamedia |
||
| 338 |
_aWolumin _bnc _2rdacarrier |
||
| 380 | _aKsiążki | ||
| 388 | _a1901-2000 | ||
| 504 | _aBibliografia na stronach 329-[331]. | ||
| 650 | 7 |
_aSzermierka _2DBN |
|
| 658 | _aKultura fizyczna i sport | ||
| 655 | 7 | _aPodręcznik | |
| 710 | 2 |
_aWydawnictwo Sport i Turystyka _4pbl |
|
| 856 |
_uhttp://koha.tu.koszalin.pl/cgi-bin/koha/opac-detail.pl?biblionumber=9265 _yKatalog online BPK |
||
| 942 |
_2UKD _cKS |
||
| 999 |
_c9265 _d9265 |
||